| 000 | 004970000a22001690004500 | ||
|---|---|---|---|
| 090 |
_aAR _b00341 |
||
| 245 | 1 | 0 | _aPleistocene Changes in the fauna and flora of South America |
| 650 | 1 | 4 |
_aBiogeografía _992747 |
| 650 | 1 | 4 |
_aEvolución _992797 |
| 650 | 1 | 4 |
_aPaleontología _96983 |
| 650 | 1 | 4 |
_aCambio Climatico _993250 |
| 651 | 4 |
_pAmérica del Sur _992749 |
|
| 041 | 0 | _aInglés | |
| 100 | 1 |
_aVuilleumier, Beryl Simpson _993251 |
|
| 942 | _cARTICULO | ||
| 773 | 1 |
_tScience _3685 _h3999 _q771-780 _d1971 _g173 |
|
| 999 |
_c9439 _d9439 |
||